Flags of Countries that No Longer Exist - Statistics

General Stats
  • This quiz has been taken 470 times
  • The average score is 13 of 20
Answer Stats
Picture Answer % Correct
Austria-Hungary
88%
Soviet Union
87%
Roman Empire
82%
East Germany
81%
Prussia
81%
Qing Dynasty
78%
Republic of Texas
78%
Yugoslavia
78%
Czechoslovakia
75%
Ottoman Empire
74%
Holy Roman Empire
70%
Swedish Empire
67%
Mongol Empire
64%
South Vietnam
57%
Siam
53%
Polish-Lithuanian commonwealth
37%
Republic of Venice
35%
Manchuria
32%
Carthage Empire
24%
Kalmar Union
24%
No matching quizzes found
Score Distribution
Percent of People with Each Score
Percentile by Number Answered
Your Score History
You have not taken this quiz